The evolution of the café culture in Budapest

Bibliographic Details
Main Author: Gonda Bálint
Other Authors: Gundel Dr. János
Format: Thesis
Kulcsszavak:Budapesti kávéházak
Online Access:http://dolgozattar.uni-bge.hu/11077

MARC

LEADER 00000nta a2200000 i 4500
001 dolg11077
005 20180220165115.0
008 170515suuuu hu om 000 eng d
040 |a BGE Dolgozattár Repozitórium  |b hun 
041 |a en 
100 1 |a Gonda Bálint 
245 1 4 |a The evolution of the café culture in Budapest  |c Gonda Bálint  |h [elektronikus dokumentum] 
246 1 1 |a A budapesti kávéházi kultúra változása  
246 1 1 |a The evolution of the café culture in Budapest 
695 |a Budapesti kávéházak 
700 1 |a Gundel Dr. János  |e ths 
856 4 0 |u http://dolgozattar.uni-bge.hu/11077/1/SZAKDOLIPDF.pdf  |z Dokumentum-elérés